Catálogo público

Botánica sistemática esencial: (Record no. 220174)

MARC details
000 -CABECERA
campo de control de longitud fija 01660nam a22002777a 4500
003 - IDENTIFICADOR DEL NÚMERO DE CONTROL
campo de control OSt
005 - FECHA Y HORA DE LA ÚLTIMA TRANSACCIÓN
campo de control 20240923142358.0
008 - DATOS DE LONGITUD FIJA--INFORMACIÓN GENERAL
campo de control de longitud fija 240923s2024 us a|||f |||| 001 0 spa d
020 ## - NÚMERO INTERNACIONAL ESTÁNDAR DEL LIBRO
Número Internacional Estándar del Libro 9786310025179
040 ## - FUENTE DE LA CATALOGACIÓN
Centro catalogador/agencia de origen CHAP
Centro/agencia transcriptor CHAP
Normas de descripción rda
082 00 - NÚMERO DE LA CLASIFICACIÓN DECIMAL DEWEY
Número de edición 22
Número de clasificación 582.13
Número de documento/Ítem L92
100 1# - ENTRADA PRINCIPAL--NOMBRE DE PERSONA
Nombre de persona Lúquez, Claudia Victoria
9 (RLIN) 189626
245 10 - MENCIÓN DE TÍTULO
Título Botánica sistemática esencial:
Resto del título familia de plantas con flores según APG IV /
Mención de responsabilidad, etc. por Claudia Victoria Lúquez
250 ## - MENCIÓN DE EDICIÓN
Mención de edición Primera edición
264 #1 - PRODUCCIÓN, PUBLICACIÓN, DISTRIBUCIÓN, FABRICACIÓN Y COPYRIGHT
Producción, publicación, distribución, fabricación y copyright Estados Unidos:
Nombre del de productor, editor, distribuidor, fabricante Argentina,
Fecha de producción, publicación, distribución, fabricación o copyright 2023.
300 ## - DESCRIPCIÓN FÍSICA
Extensión 262 páginas:
Otras características físicas ilustraciones
336 ## - TIPO DE CONTENIDO
Fuente rdacontent
Término de tipo de contenido texto
Código de tipo de contenido txt
337 ## - TIPO DE MEDIO
Fuente rdamedia
Nombre/término del tipo de medio sin medio
Código del tipo de medio n
338 ## - TIPO DE SOPORTE
Fuente rdacarrier
Nombre/término del tipo de soporte volumen
Código del tipo de soporte nc
500 ## - NOTA GENERAL
Nota general Obra ilustrada
504 ## - NOTA DE BIBLIOGRAFÍA, ETC.
Nota de bibliografía, etc. Incluye índice, bibliografía y glosario
520 ## - SUMARIO, ETC.
Sumario, etc. El objetivo de este libro es brindar a profesionales, estudiantes y aficionados, los instrumentos esenciales para reconocer las diversas familias de plantas que nos rodean. Se describen las caracteres diferenciales para la identificación a campo y en investigación. En cada familia de plantas (Subfamilias y tribus, según su importancia) se acompañan los caracteres diagnósticos con ilustraciones didácticas (de alta definición) que proporcionan su Gestalt (forma distintiva). Se incluye además hábitat, distribución, importancia económica y otra información relevante. Un glosario interactivo con hipervínculos permite comprender los términos que presentan alguna dificultad. Incluye el glosario completo de términos utilizados.
650 #4 - PUNTO DE ACCESO ADICIONAL DE MATERIA--TÉRMINO DE MATERIA
Término de materia o nombre geográfico como elemento de entrada Botánica
Subdivisión general Clasificación
9 (RLIN) 14516
700 1# - PUNTO DE ACCESO ADICIONAL--NOMBRE DE PERSONA
Nombre de persona Formento, Carlos Ludovico
9 (RLIN) 189627
Término indicativo de función/relación ilustrador
942 ## - ELEMENTOS DE PUNTO DE ACCESO ADICIONAL (KOHA)
Fuente del sistema de clasificación o colocación Dewey Decimal Classification
Tipo de ítem Koha Libro
Holdings
Estado de retiro Estado de pérdida Fuente del sistema de clasificación o colocación Estado dañado Restricciones de uso No para préstamo Código de colección Localización permanente Ubicación/localización actual Ubicación en estantería Fecha de adquisición Total de préstamos Renovaciones totales Signatura topográfica completa Código de barras Fecha visto por última vez Fecha del último préstamo Precio válido a partir de Tipo de ítem Koha
    Dewey Decimal Classification   Préstamo 15 días   General Biblioteca Central Biblioteca Central Planta alta - Colección General 23/09/2024 3 2 582.13 L92 33724002590947 19/06/2025 06/06/2025 23/09/2024 Libro